Ciencia ciudadana para la generación de información sobre la calidad del aguan en la cuenca del río Tres Amigos, Costa Rica

La subcuenca del río Tres Amigos forma parte de la cuenca del río San Carlos, ubicado en la Zona Norte del país y comprende los distritos Pital y Venecia mayoritariamente en una menor proporción Aguas Zarcas y Cutris. En total esta cuenca comprende 440.33 Kilómetros cuadrados de los cuales 40.84% es...

Ful tanımlama

Kaydedildi:
Detaylı Bibliyografya
Yazar: Blanco Ramírez, Sara
Materyal Türü: Kitap
Dil:Spanish
Baskı/Yayın Bilgisi: San José, Costa Rica Editorial Universidad Estatal a Distancia 2021
Seri Bilgileri:Umbrales del Conocimiento. Investigación Formativa 2
Konular:
Etiketler: Etiketle
Etiket eklenmemiş, İlk siz ekleyin!

MARC

LEADER 00000nam a22000007a 4500
003 cru CRAI/IIS
005 20231011062612.0
007 ta
008 220126b2021 cr ||||| |||| 00| 0 spa d
020 |a 978--9968-48-931-7 
040 |c cru CRAI/IIS 
090 |a 05.01.01 J61t 
100 1 |9 10229  |a Blanco Ramírez, Sara 
245 1 |a Ciencia ciudadana para la generación de información sobre la calidad del aguan en la cuenca del río Tres Amigos, Costa Rica  |c  Sara Blanco Ramírez 
260 |a San José, Costa Rica  |b Editorial Universidad Estatal a Distancia  |c 2021 
300 |a páginas 31-42 
490 |a Umbrales del Conocimiento. Investigación Formativa  |v 2 
520 3 |a La subcuenca del río Tres Amigos forma parte de la cuenca del río San Carlos, ubicado en la Zona Norte del país y comprende los distritos Pital y Venecia mayoritariamente en una menor proporción Aguas Zarcas y Cutris. En total esta cuenca comprende 440.33 Kilómetros cuadrados de los cuales 40.84% es cobertura de bosque , 20,72 cultivos varios, 19,86 pastos y un 16.19% piña y es esta última la que esta en constante expansión y ha ocasionado conflictos socioambientales principalmente relacionados a la contaminación de aguas superficiales y subterráneas con plaguicidas como bromacil y amtrina, en puntos ubicados dentro de la cuenca. Esta contaminación provocó el cierre de fuentes de agua para consumo humano en algunas comunidades de esta cuenca como el caso de Veracruz de Pital, junto con Milano y Siquirres en el Caribe Norte, son casos representativos de la contaminación del agua producto de la actividad piñera del país. 
650 0 0 |0 TESAUROS  |9 26  |a SOCIEDAD 
650 0 7 |2 OCDE  |a ESTUDIOS SOBRE EL MEDIO AMBIENTE  |0 TESAUROS 
650 0 0 |9 10225  |a CONFLICTOS AMBIENTALES  |0 TESAUROS 
650 0 0 |a CONTAMINACION DEL AGUA  |0 TESAUROS  |9 5753 
650 0 0 |9 4688  |a CULTIVOS 
650 0 0 |9 6185  |a PIÑAS 
773 0 |0 44062  |9 6521  |a Jiménez Barboza, Gustavo  |d San José, Costa Rica Editorial Universidad Estatal a Distancia 2021  |o 21836  |t Territorios, conflictos, subjetividades y cultura.  |z 978--9968-48-931-7 
773 0 |0 44062  |9 6521  |a Jiménez Barboza, Gustavo  |d San José, Costa Rica Editorial Universidad Estatal a Distancia 2021  |o 21836  |t Territorios, conflictos, subjetividades y cultura.  |z 978--9968-48-931-7 
942 |2 z  |c LI  |h 05.01.01 J61t  |6 050101_J61T 
999 |c 44065  |d 44065 
773 0 |0 44062  |9 6521  |a Jiménez Barboza, Gustavo  |d San José, Costa Rica Editorial Universidad Estatal a Distancia 2021  |o 21836  |t Territorios, conflictos, subjetividades y cultura.  |z 978--9968-48-931-7